La Teoría Queer : la de-construcción de las sexualidades periféricas

La Teoría Queer es la elaboración teórica de la disidencia sexual y la de-construcción de las identidades estigmatizadas, que a través de la resignificación del insulto consigue reafirmar que la opción sexual distinta es un derecho humano. Las sexualidades periféricas son todas aquellas que se aleja...

Descripción completa

Detalles Bibliográficos
Autor principal: Fonseca Hernández, Carlos
Otros Autores: Quintero Soto, María Luisa
Formato: Analitica de revista
Lenguaje:español
Publicado: México : Sociológica, 2009.
Materias:
Acceso en línea:Acceso electrónico al documento

MARC

LEADER 00000cab a2200000 a 4500
001 024253
003 UAHC_CL
005 20210429151114.0
008 110603s2009 mx || || 000 s|spa
952 |0 0  |1 0  |2 ddc  |4 0  |6 RECURSO_ELECTRONICO  |7 0  |8 BAS  |9 94616  |a BC  |b BC  |c Digital  |d 2021-04-29  |l 0  |o RECURSO ELECTRONICO  |r 2021-04-29 00:00:00  |w 2021-04-29  |y REVA  |A 293  |B PFPED 
999 |c 54187  |d 54187 
040 |a UAHC_CL  |c UAHC_CL  |d UAHC_CL 
100 |a Fonseca Hernández, Carlos   |9 13707 
245 |a La Teoría Queer :   |b  la de-construcción de las sexualidades periféricas  |c  Carlos Fonseca Hernández, María Luisa Quintero Soto. 
260 |a México :  |b Sociológica,  |c 2009. 
300 |a p. 43-60 
500 |a En: Sociológica, vol. 24, no. 69, 2009. pp. .43-60. ISSN 0187-0173 
520 |a La Teoría Queer es la elaboración teórica de la disidencia sexual y la de-construcción de las identidades estigmatizadas, que a través de la resignificación del insulto consigue reafirmar que la opción sexual distinta es un derecho humano. Las sexualidades periféricas son todas aquellas que se alejan del círculo imaginario de la sexualidad "normal" y que ejercen su derecho a proclamar su existencia. Temas como "dejar ser", el derecho al amor y los roles sociales son abordados en este texto, que intenta explicar las causas y consecuencias de un sistema social basado en la separación de las personas y no en lo que las hace comunes. 
650 0 |9 5600  |a Teoría Queer 
650 0 |9 13659  |a Identidad de género  |x Aspectos sociales 
700 |9 13708  |a Quintero Soto, María Luisa  
856 |y Acceso electrónico al documento  |u http://www.scielo.org.mx/scielo.php?script=sci_arttext&pid=S0187-01732009000100003 
942 |c REVA  |2 ddc